000 01329nam a22003617a 4500
003 CHAP
005 20220817043026.0
008 971010s1986 r 00010 d
010 _a63141
011 _a64113
035 _a69257
040 _cCHAP
090 _aTesis
100 0 0 _aAndrade Aguilar, Jose Alfredo.
_95635
245 _aCultivo del frijol (Phaseolus vulgaris L.) en Aguascalientes, México: situación actual y comparación del plasma germinal 1940-1984
260 _aChapingo, Méx. :
_bEl autor,
_c1986
300 _a253 p.
_b: ilus. ; mapas
502 _aTesis (M.C. Esp. en Botánica) -- C.P. Centro de Botánica
590 _aALEPH
_b10
_c20130110
_lUCH01
_h1346
590 _aBATCH-UPD
_b10
_c20130110
_lUCH01
_h1650
590 _aBATCH-UPD
_b10
_c20130410
_lUCH01
_h1039
590 _aBATCH-UPD
_b10
_c20130914
_lUCH01
_h1008
590 _aCONVERSION
_b10
_c20130109
_lUCH01
_h1334
650 1 4 _aFrijol
_xFisiología y morfología.
_943380
650 1 4 _aFrijol
_xGenética.
650 1 4 _aGermoplasma.
_947766
710 0 _aColegio de Postgraduados. Chapingo, Méx. Centro de Botánica.
_925070
901 _aBK
942 _cFOLL
949 _bBC
_cTES
_d-59560
_eTS1
_h18537
_i69257
_si
949 _bBC
_cTES
_d-59561
_eTS2
_fc.3
_h20432
_i69257
_si
949 _bBC
_cTES
_d33724000940623
_eTS2
_fc.2
_h18538
_i69257
_si
999 _c63141
_d63141